| 000 | 00989nam a2200313Ia 4500 | ||
|---|---|---|---|
| 003 | OSt | ||
| 005 | 20220912145128.0 | ||
| 006 | a|||||r|||| 00| 0 | ||
| 007 | ta | ||
| 008 | 220909b |||||||| |||| 00| 0 eng d | ||
| 020 | _a9788131503737 (pbk) | ||
| 024 | _a98212 | ||
| 037 | _b320, 18/03/2010, Aviva Books Company | ||
| 037 | _cTextual | ||
| 040 |
_aCSL _beng _cCSL |
||
| 041 | _aeng | ||
| 082 | _aD65,8(B)92, P3-;1 | ||
| 100 | _aLouden Kenneth C | ||
| 245 | 0 | _aProgramming languages:principles and practice | |
| 250 | _a2 | ||
| 260 |
_aAustralia _bCengage Learning _c2003 |
||
| 300 |
_axiii, 694p. _ccm. |
||
| 500 | _aIncludes bibliographical references.; Bibliography 673-683p.; Index 684-694p. | ||
| 650 | _a Computer programming languages | ||
| 650 | _aComputer science | ||
| 942 |
_hD65,8(B)92, P3-;1 _cTEXL _2CC |
||
| 999 |
_c24022 _d24022 |
||